Principles of management : an analysis of managerial functions

Αποθηκεύτηκε σε:
Λεπτομέρειες βιβλιογραφικής εγγραφής
Κύριος συγγραφέας: Koontz, Harold, 1908-1984
Άλλοι συγγραφείς: O'Donnell, Cyril, 1900-1976
Μορφή: Βιβλίο
Γλώσσα:English
Δημοσίευση: Tokyo : McGraw-Hill, c1972
Έκδοση:5th ed.
Σειρά:McGraw-Hill series in management
Θέματα:
Ετικέτες: Προσθήκη ετικέτας
Δεν υπάρχουν, Καταχωρήστε ετικέτα πρώτοι!

MARC

LEADER 00000cam a2200000 i 4500
001 1/37761
008 061118s1972 eng d
035 |l 10086172 
040 |a GR-MY-UA  |b gre  |e aacr 
041 0 |a eng 
082 0 |a 658.4  |2 (22) 
100 1 |a Koontz, Harold,   |d 1908-1984. 
245 1 0 |a Principles of management :  |b an analysis of managerial functions /  |c Harold Koontz, Cyril O'Donnell 
250 |a 5th ed. 
260 |a Tokyo :   |b McGraw-Hill,   |c c1972 
300 |a x,748 σ.;  |b διαγρ.;  |c 21 εκ. 
490 1 |a McGraw-Hill series in management 
504 |a Βιβλιογραφία: σ.712-724 
650 0 0 |a Industrial management. 
700 1 |a O'Donnell, Cyril,   |d 1900-1976. 
830 0 |a McGraw-Hill series in management 
852 |a INST  |b CHIOS  |e 20061118  |h 658.4 KOO  |p 005200026704  |q 005200026704  |t BK  |y 0 
901 |a BIBL2-2006-3 
970 |a ΒΑΣΙΛΑΚΗ  |b ΝΙΚΗ  |z 2006/11/18